Inventarizácia ako významný nástroj zabezpečenia preukázateľnosti účtovníctva bakalárska práca

Enregistré dans:
Détails bibliographiques
Auteur principal: Ticonová, Silvia
Collectivité auteur: Fakulta hospodárskej informatiky EU. Katedra účtovníctva a audítorstva
Autres auteurs: Šumanová, Radka, 1991-
Format: Livre
Langue:slovaque
Publié: Bratislava 2018
Tags: Ajouter un tag
Pas de tags, Soyez le premier à ajouter un tag!

MARC

LEADER 00000nbm a2200000 4500
001 0245422
005 20181106084643.8
041 0 |a slo 
044 |a SK 
245 1 0 |a Inventarizácia ako významný nástroj zabezpečenia preukázateľnosti účtovníctva  |b bakalárska práca  |c Silvia Ticonová ; školiteľ: Radka Šumanová 
264 1 |a Bratislava  |c 2018 
300 |a 43 s. 
100 1 |a Ticonová, Silvia 
700 1 |a Šumanová, Radka, 1991- 
710 2 |a Fakulta hospodárskej informatiky EU. Katedra účtovníctva a audítorstva